Southville International School and Colleges
Your cart is empty.
  • Cart
  • Lists
    Public lists Eva Luna New books Lux_list list_1
    Your lists Log in to create your own lists
  • Log in to your account
  • Your cookies
  • Search history
Southville International School and Colleges
  • Advanced search
  • Recent comments
  • Most popular
  • Libraries

Log in to your account

Log in with GOOGLE


If you do not have an external account, but do have a local account, you can still log in:

  1. Home
  2. MARC view: Indio bravo :
Normal view MARC view ISBD view

Indio bravo : (Record no. 1704)

[ view plain ]
MARC details
000 -LEADER
fixed length control field 00741nam a22002297a 4500
003 - CONTROL NUMBER IDENTIFIER
control field OSt
005 - DATE AND TIME OF LATEST TRANSACTION
control field 20140310181714.0
008 - FIXED-LENGTH DATA ELEMENTS--GENERAL INFORMATION
fixed length control field 121213t xxu||||| |||| 00| 0 eng d
020 ## - INTERNATIONAL STANDARD BOOK NUMBER
International Standard Book Number 9716300662 (pbd.)
022 ## - INTERNATIONAL STANDARD SERIAL NUMBER
Source 9716300654 (pb.)
050 ## - LIBRARY OF CONGRESS CALL NUMBER
Classification number DS 675.8
Item number .B219 1997
082 ## - DEWEY DECIMAL CLASSIFICATION NUMBER
Classification number FIL 959.092
Item number R528B228 1997
082 ## - DEWEY DECIMAL CLASSIFICATION NUMBER
Classification number FIL 959.092
Item number R53 1997
100 ## - MAIN ENTRY--PERSONAL NAME
Personal name Bantug, Asuncion Lopez-Rizal
245 ## - TITLE STATEMENT
Title Indio bravo :
Statement of responsibility, etc Asuncion Lopez-Rizal Bantug; Sylvia Mendez Ventura; drawings by Bencab
Remainder of title the story of Jose Rizal /
260 ## - PUBLICATION, DISTRIBUTION, ETC. (IMPRINT)
Place of publication, distribution, etc Makati City, Philippines :
Name of publisher, distributor, etc Tahanan Books for Young Readers,
Date of publication, distribution, etc c1997.
300 ## - PHYSICAL DESCRIPTION
Extent 154 p. :
Other physical details ill. ;
Dimensions 26 cm.
650 ## - SUBJECT ADDED ENTRY--TOPICAL TERM
Topical term or geographic name as entry element Rizal, Jose
942 ## - ADDED ENTRY ELEMENTS (KOHA)
Source of classification or shelving scheme Library of Congress Classification
Koha item type Books
Call number prefix Filipininana
Holdings
Withdrawn status Lost status Source of classification or shelving scheme Damaged status Home library Current library Shelving location Date acquired Total Checkouts Total Renewals Full call number Barcode Date last seen Date checked out Copy number Price effective from Koha item type
    Library of Congress Classification   Luxembourg Library Luxembourg Library Filipiniana Section 06/29/2013 2 2 DS 675.8 .B219 1997 5182 04/05/2016 08/25/2015 1 10/03/2013 Books
    Library of Congress Classification   Luxembourg Library Luxembourg Library Filipiniana Section 06/29/2013     DS 675.8 .B219 1997 5528 08/13/2013   2 06/29/2013 Books

Indio bravo :

APA

Bantug A. L., . (1997). Indio bravo. Makati City, Philippines: Tahanan Books for Young Readers.

Chicago

Bantug Asuncion Lopez-Rizal, . 1997. Indio bravo. Makati City, Philippines: Tahanan Books for Young Readers.

Harvard

Bantug A. L., . (1997). Indio bravo. Makati City, Philippines: Tahanan Books for Young Readers.

MLA

Bantug Asuncion Lopez-Rizal, . Indio bravo. Makati City, Philippines: Tahanan Books for Young Readers. 1997.

  • Place hold
  • Print
  • Cite
  • Add to your cart (remove)
  • Save record
    BIBTEX Dublin Core MARCXML MARC (non-Unicode/MARC-8) MARC (Unicode/UTF-8) MARC (Unicode/UTF-8, Standard) MODS (XML) RIS
  • More searches
    Search for this title in:
    Other Libraries (WorldCat) Other Databases (Google Scholar) Online Stores (Bookfinder.com) Open Library (openlibrary.org)

Exporting to Dublin Core...

SOUTHVILLE LIBRARY

Southville International School and Colleges Library

1281 Tropical Ave. Cor. Luxembourg St., BF Homes International, Las Pinas City

Tel. No. 8256374 / 252358 Loc. 117/146

Powered by Koha